Social Justice in the age of Identity Political (Record no. 21137)

MARC details
000 -LEADER
fixed length control field 00325nam a22001337a 4500
020 ## - INTERNATIONAL STANDARD BOOK NUMBER
ISBN 9788189524326
082 ## - DEWEY DECIMAL CLASSIFICATION NUMBER
Classification number 303.372
Author Cutter FRA
100 ## - MAIN ENTRY--AUTHOR NAME
Author name Fraser, Nancy
245 ## - TITLE STATEMENT
Title Social Justice in the age of Identity Political
260 ## - PUBLICATION, DISTRIBUTION, ETC. (IMPRINT)
Place of publication New Delhi
Name of publisher Critical Quest
Year of publication 2008
300 ## - PHYSICAL DESCRIPTION
Number of Pages 48
650 ## - SUBJECT ADDED ENTRY--TOPICAL TERM
Topical Term Social Justice
942 ## - ADDED ENTRY ELEMENTS (KOHA)
Koha item type Books
Holdings
Home library Current library Shelving location Date acquired Full call number Accession Number Koha item type
Henry Martyn Institute Library Henry Martyn Institute Library General stacks 06/20/2018 303.372 FRA 22865 Books
                   Copyright © 2026 | Henry Martyn Institute | Hyderabad | TS-500052 | INDIA | Implemented by hmi.edu.in
Hit-Count:

Powered by Koha